00381nam a2200157Ia 4500008004100000020001800041245002000059245004700079260001500126260001600141260000900157300001400166300002500180300001000205500000800215170705s9999 xx 000 0 und d a9780545036054 aPirate Pete's / cKim Kennedy ; illustrated by Doug Kennedy. aNew York : bScholastic, c2006 aunpaged : bcolor illustration ; c23cm. a780